书目信息 |
| 题名: |
邓小平教育理论与实践研究
|
|
| 作者: | 孙维炎 , 方茂田 主编 | |
| 分册: | ||
| 出版信息: | 北京 对外贸易教育出版社 1999.09 |
|
| 页数: | 474页 | |
| 开本: | 20cm | |
| 丛书名: | ||
| 单 册: | ||
| 中图分类: | A849.167 | |
| 科图分类: | ||
| 主题词: | 邓小平,--deng xiao ping,--1904-1997--教育理论--研究 | |
| 电子资源: | ||
| ISBN: | 7-81000-923-0 | |
| 000 | 00954nam0 2200241 450 | |
| 001 | 012008954531 | |
| 005 | 20080422101817.34 | |
| 010 | @a7-81000-923-0@dCNY20.00 | |
| 100 | @a20080422d1999 km y0chiy0120 ea | |
| 101 | 0 | @achi |
| 102 | @aCN@b110000 | |
| 105 | @ay z 000yy | |
| 106 | @ar | |
| 200 | 1 | @a邓小平教育理论与实践研究@Adeng xiao ping jiao yu li lun yu shi jian yan jiu@f孙维炎, 方茂田主编@Fsun wei yan,fang mao tian zhu bian |
| 210 | @a北京@c对外贸易教育出版社@d1999.09 | |
| 215 | @a474页@d20cm | |
| 330 | @a邓小平教育理论是邓小平理论的重要组成部分。邓小平教育理论的重要意义不仅仅在于指导了我国教育20年的改革和实践,并取得了辉煌的成就,而且是我国21世纪教育事业发展的根本指导和根本保证。 | |
| 606 | 0 | @a邓小平,@Adeng xiao ping,@z1904-1997@x教育理论@x研究 |
| 690 | @aA849.167@v4 | |
| 701 | 0 | @a孙维炎@Asun wei yan@4主编 |
| 701 | 0 | @a方茂田@Afang mao tian@4主编 |
| 801 | 0 | @aCN@bQSSK@c20080422 |
| 905 | @b20701231-32@dA849.167@eS958@f2 | |
| 邓小平教育理论与实践研究/孙维炎, 方茂田主编.-北京:对外贸易教育出版社,1999.09 |
| 474页;20cm |
| ISBN 7-81000-923-0:CNY20.00 |
| 邓小平教育理论是邓小平理论的重要组成部分。邓小平教育理论的重要意义不仅仅在于指导了我国教育20年的改革和实践,并取得了辉煌的成就,而且是我国21世纪教育事业发展的根本指导和根本保证。 |
| ● |
| 相关链接 |
|
|
|
正题名:邓小平教育理论与实践研究
索取号:A849.167/S958
 
预约/预借
| 序号 | 登录号 | 条形码 | 馆藏地/架位号 | 状态 | 备注 |
| 1 | 701231 | 207012310 | 社科库509/509社科库 6排2列4层/ [索取号:A849.167/S958] | 在馆 | |
| 2 | 701232 | 207012329 | 社科库509/509社科库 6排2列4层/ [索取号:A849.167/S958] | 在馆 |